000 00531nam a2200169 a 4500
001 000024397
005 20200930022953.0
008 110127s1997 dr a 000 0 spa d
040 _aDO-SdBNP
_bspa
_cBNPHU
082 _axxx
_bH557e
100 1 _aHernández Tejada, Margarita
_950027
245 1 0 _aEducando para la paz :
_bformación social, moral y cívica /
_cMargarita Hernández Tejada.
260 _aSanto Domingo :
_bSusaeta,
_c1997.
300 _a168 p. :
_bil. ;
_c28 cm.
504 _aBibliografía : p. 168
049 _aBNPD
999 _c23890
_d23890